| 000 | 00775nam a22002057a 4500 | ||
|---|---|---|---|
| 999 |
_c17234 _d17234 |
||
| 003 | AR-CdUCM | ||
| 008 | 190507b ||||| |||| 00| 0 spa d | ||
| 040 |
_aMUNICIPALIDAD PROVINCIAL DEL CUSCO _cBIBLIOTECA MUNICIPAL DEL CUSCO |
||
| 082 |
_22ed. _a373.123 / _bD14 |
||
| 100 |
_aDale, Edgar _937122 |
||
| 245 | _aMétodos de enseñanza audiovisual / | ||
| 260 |
_aMéxico : _bReverté, _c1964. |
||
| 300 |
_a573 páginas : _c21 cm. |
||
| 505 | _aContenido : Teoría de la introducción audiovisual -- Materiales para la instrucción audiovisual -- Aplicación en la sala de clases de los métodos audiovisuales ... | ||
| 650 |
_aMétodos _937123 |
||
| 650 |
_aAudiovisuales _921236 |
||
| 650 |
_aInstrucción _929504 |
||
| 942 |
_2ddc _cLIBROS |
||
| 945 |
_arah _d07/05/2019 |
||